Купена жена | Фарът се запалва (Запис номер 90302)
[ съкратено ]
| 000 -Лидер | |
|---|---|
| Контролно поле с фиксирана дължина | nam a22 a 4500 |
| 003 - Код на организацията, давaща контролен номер | |
| Контролно поле | BLK |
| 005 - Дата и час на последна редакция | |
| Контролно поле | 20230324133532.0 |
| 008 - Елементи от данни с фиксирана дължина | |
| fixed length control field | 180408b bul|||||r ||||||| ||bul|| |
| 010 ## - Наследен системен номер | |
| LC control number | KNG00095041000 |
| 020 ## - Международен стандартен номер на книга ISBN | |
| Международен стандартен номер на книга ISBN | 954-459-042-0 |
| 040 ## - Източник на каталожния запис | |
| Идентификатор на билиотеката - собственик на записа | BLK |
| 041 ## - Код за език | |
| Код за езика на текст/звукозапис или на отделно заглавие | Български |
| Код за езика КДБФ | Български |
| 080 ## - УДК | |
| Текстов определител УДК | Английска литература |
| УДК код - определител по УДК | 821.111 |
| УДК определител | -31 |
| УДК - код + определител | 821.111-31 |
| 100 1# - Редна дума - Автор | |
| Автор | Мерел, Конкордия |
| Авторска отговорност | първи автор |
| R(LIN) | 94910 |
| 139 ## - Редно поле | |
| Редна дума | Мерел, Конкордия |
| Авторски знак | Мер - М 49 |
| 245 10 - Сведения за заглавието | |
| Заглавие | Купена жена |
| Редно поле (дума) | Конкордия Мерел; прев. Радка Крапчева. |
| 245 10 - Сведения за заглавието | |
| Заглавие | Фарът се запалва |
| Подзаглавни данни | Романи |
| 257 ## - Страна на издаване | |
| Страна на създаване/издаване | Великобритания |
| 260 ## - Област на издателските данни | |
| Място на издаване, разпространение и проч. | Пловдив |
| Име на издателя, разпространителя и проч. | Хермес |
| Година на издаване | 1993 |
| Печатница | В. Търново : Абагар |
| Издателство - префикс ISBN | 954-459-042-0 |
| 300 ## - Физическа характеристика | |
| Страници | 464 с. |
| Размери/Мащаб | 20 см |
| 380 ## - Жанр | |
| Жанр | Худож. лит. |
| 490 ## - СЕРИИ (Колекции) | |
| Име на серия | 31 забравени любовни романи |
| 9 (RLIN) | 202136 |
| 500 ## - Общи забележки | |
| Забележка | Без сведения за ориг. загл. - В кн. означено 2. изд. - Офс. изд. - 60 060 тир. |
| 700 1# - Други автори (авторска отговорност) | |
| Лично име | Крапчева, Радка |
| Автороска отговорност (Описва отношението между автора и произведението) | прев. |
| 9 (RLIN) | 363597 |
| 852 ## - Местоположение | |
| Форматна сигнатура | Цб 171194 |
| Фондова буква | Хранилище |
| 856 4# - Електронен адрес и достъп | |
| Електронен формат | pdf - файл |
| Инструкция (цена за достъп) | 0.00 |
| Права за достъп | disable |
| 856 4# - Електронен адрес и достъп | |
| Електронен формат | pdf - файл |
| Инструкция (цена за достъп) | 0.00 |
| Права за достъп | disable |
| 999 ## - СИСТЕМНИ КОНТРОЛНИ НОМЕРА | |
| Koha biblionumber | 90302 |
| Koha biblioitemnumber | 90302 |
| 942 ## - АРТИКУЛИ | |
| Вид на библиотечния материал | Книги |
| Скрит в OPAC | Не |
| Koha issues (borrowed), all copies | 8 |
| Периодичен библиозапис | Да |
| 944 ## - СЪЗДАВАНЕ И РЕДАКЦИЯ на ЗАПИСА | |
| Създаване/Редакция | Създаване |
| Дата на регистрацията/редакция | 30.03.2010 |
| Статус, дата на статуса | ф / |
| Служител, извършил регистрацията/редакцията | Людмила_Стоянова |
| 944 ## - СЪЗДАВАНЕ И РЕДАКЦИЯ на ЗАПИСА | |
| Създаване/Редакция | Редакция |
| Дата на регистрацията/редакция | 21.04.2010 |
| Статус, дата на статуса | ф / |
| 999 ## - СИСТЕМНИ КОНТРОЛНИ НОМЕРА | |
| Koha biblioitemnumber | 90302 |
| Код за отписване | Код за изгубен артикул | Източник на класификационната схема | Код за повреда | Коз за рестрикции | Код за отдаване | Артикулен № | Име на библиотеката - собственик | Име на библиотеката, в която се намира в момента | Статус (Текущо местоположение) | Дата на вписване в системата | Местоположение - отдел | Цена в лева | Инвентарен номер | Систематично азбучна сигнатура | Баркод | Номер на екземпляра | Цена в евро | Служебна бележка | Служебен тип на артикула |
|---|---|---|---|---|---|---|---|---|---|---|---|---|---|---|---|---|---|---|---|
| Изтеглен | Не е изгубен | Universal Decimal Classification | Не е повреден | без рестрикции | заемане за дома | 146006 | Регионална библиотека "Любен Каравелов" Русе | Регионална библиотека "Любен Каравелов" Русе | Количка | 2010-03-29 | Заемна - подръчен фонд | 3.50 | 120000743027 | П 820-31/М 49 | 120000743027 | 1 | 1.79 | Дост: DA Вид: А N: 10 Дата: 29.03.2010 | Книги |
| Не е изгубен | Universal Decimal Classification | Не е повреден | без рестрикции | ползва се в читалня | 146007 | Регионална библиотека "Любен Каравелов" Русе | Регионална библиотека "Любен Каравелов" Русе | Хранилище | 1993-01-01 | Хранилище | 0.88 | 579054 | Цб 171194 | 120000579054 | 2 | 0.45 | Дост: Dp Вид: Д N: стар фонд Дата: 01.01.1993 | Книги | |
| Не е изгубен | Universal Decimal Classification | Не е повреден | без рестрикции | заемане за дома | 146008 | Регионална библиотека "Любен Каравелов" Русе | Регионална библиотека "Любен Каравелов" Русе | Заемна - подръчен фонд | 1993-01-01 | Заемна - подръчен фонд | 0.88 | 577252 | П 820-31/М 49 | 120000577252 | 3 | 0.45 | П2018 | Книги |